000 00387cam a2200157ua 4500
003 OSt
008 250506b |||||||| |||| 00| 0 eng d
041 _aeng
082 _a624.1517
_bSHA/AD
100 _aShahani, P B .
_97455
245 _aAdvanced surveying /
250 _a1 /
260 _aNew Delhi :
_bOxford & IBH Publishing company ,
_c1976.
300 _a779 ; .
942 _cBK
999 _c5284
_d5284